| 000 | 00627nam a2200205 u 4500 | ||
|---|---|---|---|
| 005 | 20241012063735.0 | ||
| 008 | 091013s2007 ag r 000 0 spa d | ||
| 020 | _a9789870007579 | ||
| 035 | _aUPN01000173123 | ||
| 049 | _aCG | ||
| 050 | 4 |
_aBF173 _bP3.7 |
|
| 100 | 1 | _aPainceira Plot, Alfredo Julio | |
| 245 | 1 | 0 |
_aRepensando el psicoanálisis desde la persona / _cAlfredo Julio Pianceira Plot. |
| 260 |
_aBuenos Aires : _bLumen, _c2007. |
||
| 300 | _a238 p. | ||
| 440 | 0 | _aPsicología integrativa, perspectivista, interdisciplinaria | |
| 650 | 4 |
_aPsicoanálisis _91572 |
|
| 650 | 4 |
_aPsicoterapia _98720 |
|
| 905 | _aLibro | ||
| 999 |
_c145227 _d145227 |
||